Κατάλογος Βιβλιοθηκών Mediterranean College

Effective Software Maintenance and Evolution / A Reuse-Based Approach (Record no. 1423)

MARC details
000 -LEADER
fixed length control field 01234cam a22001934a 4500
005 - ΗΜΕΡΟΜΗΝΙΑ ΚΑΙ ΩΡΑ ΤΕΛΕΥΤΑΙΑΣ ΕΝΗΜΕΡΩΣΗΣ
Πεδίο ελέγχου 20250605164008.0
008 - FIXED-LENGTH DATA ELEMENTS--GENERAL INFORMATION
Πεδίο ελέγχου σταθερού μήκους 250528s ||||||||||||||||||||||||d
035 ## - SYSTEM CONTROL NUMBER
System control number 15875
020 ## - ISBN
ISBN 849335922
040 ## - ΠΗΓΗ ΚΑΤΑΛΟΓΟΓΡΑΦΗΣΗΣ
Φορέας πρωτότυπης καταλογογράφησης MC Athens Campus Library
Γλώσσα καταλογογράφησης Ελληνικά, Μοντέρνα (1453-)
Modifying agency MC Athens Campus Library
Κανόνες περιγραφικής καταλογογράφησης AACR2
245 1# - ΤΙΤΛΟΣ ΚΑΙ ΔΗΛΩΣΗ ΥΠΕΥΘΥΝΟΤΗΤΑΣ
Τίτλος Effective Software Maintenance and Evolution / A Reuse-Based Approach
260 ## - PUBLICATION, DISTRIBUTION, ETC.
Name of publisher, distributor, etc. Auerbach Publishers Incorporated,
Date of publication, distribution, etc. 2007
300 ## - PHYSICAL DESCRIPTION
Extent 400
520 ## - SUMMARY, ETC.
Summary, etc. This book gives a rare and fascinating sketch of techniques for maintenance and evolution of successful software. Foreword, Acknowledgements, Introduction, Conventional Methods of Software Maintenance and Evolution, Static Program Analysis Methods, Reverse engineering Methods, Model Based Design for Ease of Maintenance, Evolution of Versions and Configuration Management, Limits of Conventional Techniques, Reuse-Based Software Maintenance and Evolution, Step-by-Step Introduction to XVCL, Software Similarities: Symptoms and Causes, Evolution with the Mixed-Strategy Approach, Scaling Up the Mixed-Strategy Approach, Other Techniques Related to XVCL, Evaluation of the Mixed -Strategy Approach, Conclusions, Index.
700 1# - ΠΡΟΣΘΕΤΗ ΑΝΑΓΡΑΦΗ--ΦΥΣΙΚΟ ΠΡΟΣΩΠΟ
Personal name Jarzabek Stanislaw
9 (RLIN) 1896
942 ## - ADDED ENTRY ELEMENTS (KOHA)
Koha item type Books
Holdings
Τύπος τεκμηρίου Βιβλιοθήκη Τρέχουσα τοποθεσία Barcode Αριθμός εισαγωγής Ημερομηνία απόκτησης Ταξιθετικό σύμβολο Αριθμός αντιτύπου Κατάσταση απόσυρσης Κατάσταση χαμένου Κατάσταση κατεστραμμένου Μη δανεισμός Σύνολο δανεισμών Ημερομηνία τελευταίας εμφάνισης Η τιμή ισχύει από
Books MC Athens Campus Library MC Athens Campus Library 9780000014221 2483 05/06/2025 005.16 JAR 1           05/06/2025 05/06/2025

MC Athens Campus Library
Πατησίων 94 & Κοδριγκτώνος 13, 104 34
Πελλήνης 8 & Πατησίων 107, 112 51
Τ: +30 210 8899600

MC Thessaloniki Campus Library
Ίωνος Δραγούμη 21, 54625 | Ίωνος Δραγούμη 15, 54625
Τ: +30 2310 287779 – Τ: +30 2314 440300